التحضير العسكرى للعدوان على الكويت / (Record no. 69436)
[ view plain ]
| 000 -LEADER | |
|---|---|
| fixed length control field | 01659nam a2200337 i 4500 |
| 003 - CONTROL NUMBER IDENTIFIER | |
| control field | EG-GICUC |
| 005 - DATE AND TIME OF LATEST TRANSACTION | |
| control field | 20260407155246.0 |
| 008 - FIXED-LENGTH DATA ELEMENTS--GENERAL INFORMATION | |
| fixed length control field | 260407s1993 ku adb|fr|||| 00| 0 ara d |
| 040 ## - CATALOGING SOURCE | |
| Original cataloging agency | EG-GICUC |
| Language of cataloging | ara |
| Transcribing agency | EG-GICUC |
| Modifying agency | EG-GICUC |
| Description conventions | rda |
| 041 #1 - LANGUAGE CODE | |
| Language code of text/sound track or separate title | ara |
| 082 04 - DEWEY DECIMAL CLASSIFICATION NUMBER | |
| Edition number | 21 |
| Classification number | 341.6 |
| Item number | ج ب . ت |
| 092 04 - LOCALLY ASSIGNED DEWEY CALL NUMBER (OCLC) | |
| Edition number | 21 |
| 099 ## - LOCAL FREE-TEXT CALL NUMBER (OCLC) | |
| Classification number | Law1 11 341.6 ج ب . ت 1993 |
| 100 0# - MAIN ENTRY--PERSONAL NAME | |
| Personal name | جبر على جبر |
| Relator term | مؤلف. |
| 245 12 - TITLE STATEMENT | |
| Title | التحضير العسكرى للعدوان على الكويت / |
| Statement of responsibility, etc. | لواء طيار دكتور جبر على جبر. |
| 264 #1 - PRODUCTION, PUBLICATION, DISTRIBUTION, MANUFACTURE, AND COPYRIGHT NOTICE | |
| Place of production, publication, distribution, manufacture | الكويت : |
| Name of producer, publisher, distributor, manufacturer | مجلة دراسات الخليج والجزيرة العربية، |
| Date of production, publication, distribution, manufacture, or copyright notice | 1993. |
| 300 ## - PHYSICAL DESCRIPTION | |
| Extent | 15 صفحة : |
| Other physical details | إيضاحيات، |
| Dimensions | 24 سم. |
| 336 ## - CONTENT TYPE | |
| Source | rda content |
| Content type term | text |
| 337 ## - MEDIA TYPE | |
| Source | rda media |
| Media type term | Computer |
| 338 ## - CARRIER TYPE | |
| Source | rda carrier |
| Carrier type term | Online Resource |
| 500 ## - GENERAL NOTE | |
| General note | يشتمل على إرجاعات ببليوجرافية.<br/><br/> |
| 500 ## - GENERAL NOTE | |
| General note | بحث في الندوة العلمية الرابعة<br/>دول مجلس التعاون الخليجي<br/>وحدة التاريخ والمصير وحتمية العمل المشترك |
| 500 ## - GENERAL NOTE | |
| General note | مستلة مستخرج من مجلة دراسات الخليج والجزيرة العربية<br/>۱۵ - ۱۷ نوفمبر ۱۹۹۳ م<br/>٢ - ٤ جمادى الآخرة ١٤١٤ هـ |
| 504 ## - BIBLIOGRAPHY, ETC. NOTE | |
| Bibliography, etc. note | . 240-220 ببليوجرافيا: صفحات. |
| 546 ## - LANGUAGE NOTE | |
| Language note | النص باللغة العربية |
| 590 ## - LOCAL NOTE (RLIN) | |
| Local note | إهداء مكتبة الأستاذ الدكتور صلاح عامر |
| 650 14 - SUBJECT ADDED ENTRY--TOPICAL TERM | |
| Topical term or geographic name entry element | القانون الدولي العام |
| 856 40 - ELECTRONIC LOCATION AND ACCESS | |
| Uniform Resource Identifier | <a href="https://fll.law.cu.edu.eg/fulltext/bks/B11-09860.pdf">https://fll.law.cu.edu.eg/fulltext/bks/B11-09860.pdf</a> |
| 905 ## - Cataloger and Reviser Names | |
| Cataloger Name: | Basma Mohamed |
| 942 ## - ADDED ENTRY ELEMENTS (KOHA) | |
| Source of classification or shelving scheme | Dewey Decimal Classification |
| Koha item type | Books |
| Edition | 21 |
| Suppress in OPAC | No |
| Withdrawn status | Lost status | Source of classification or shelving scheme | Damaged status | Not for loan | Collection | Home library | Current library | Date acquired | Total checkouts | Full call number | Barcode | Date last seen | Copy number | Price effective from | Koha item type |
|---|---|---|---|---|---|---|---|---|---|---|---|---|---|---|---|
| Dewey Decimal Classification | Not for loan | القانون الدولي العام | جــــامعة القــاهرة | مكتبة كلية الحقوق - المبنى الرئيسي | 07.04.2026 | Law1 11 341.6 ج ب . ت 1993 1109860 C1 | B11-09860 | 07.04.2026 | 1 | 07.04.2026 | Books |